Central Library OPAC University of Rajshahi

The church and the age of reason, 1648-1789 / (Record no. 31323)

MARC details
000 -LEADER
fixed length control field 00787cam a2200265u 4500
001 - CONTROL NUMBER
control field 31323
003 - CONTROL NUMBER IDENTIFIER
rucl marc code BD-RjUL
005 - DATE AND TIME OF LATEST TRANSACTION
control field 20211209051703.0
008 - FIXED-LENGTH DATA ELEMENTS--GENERAL INFORMATION
fixed length control field 140415s1960 enk 001 0 eng
035 ## - SYSTEM CONTROL NUMBER
System control number (BD-RjUL)31410
040 ## - CATALOGING SOURCE
Original cataloging agency DLC
Transcribing agency CarP
Modifying agency DLC
Language of cataloging eng
041 ## - LANGUAGE CODE
Language code of text/sound track or separate title eng
082 ## - DEWEY DECIMAL CLASSIFICATION NUMBER
Classification number 270
Author mark and year CRC 1960
100 1# - MAIN ENTRY--PERSONAL NAME
Personal name Cragg, Gerald R.
Fuller form of name (Gerald Robertson)
9 (RLIN) 95324
245 14 - TITLE STATEMENT
Title The church and the age of reason, 1648-1789 /
Statement of responsibility, etc. Gerald R. Cragg
Number of part/section of a work V-4
260 ## - PUBLICATION, DISTRIBUTION, ETC. (IMPRINT)
Place of publication, distribution, etc. Harmondsworth, Middlesex :
Name of publisher, distributor, etc. Penguin Books,
Date of publication, distribution, etc. 1960
300 ## - PHYSICAL DESCRIPTION
Pagination 299 p. ;
Size 18 cm.
504 ## - BIBLIOGRAPHY, ETC. NOTE
Bibliography, etc Includes index
650 #0 - SUBJECT ADDED ENTRY--TOPICAL TERM
Topical term or geographic name as entry element Church history
Chronological subdivision 17th century.
9 (RLIN) 95325
Topical term or geographic name as entry element Church history
Chronological subdivision 18th century.
9 (RLIN) 94355
Topical term or geographic name as entry element Enlightenment.
9 (RLIN) 95326
942 ## - ADDED ENTRY ELEMENTS (KOHA)
Source of classification or shelving scheme Dewey Decimal Classification
Koha item type Books
Holdings
Lost status Source of classification or shelving scheme Damaged status Not for loan Collection code Permanent Location Current Location Shelving location Date acquired Source of acquisition Cost, normal purchase price Total Checkouts Full call number Date last seen Copy number Koha item type
  Dewey Decimal Classification   Not For Loan Non-fiction Central Library, University of Rajshahi Central Library, University of Rajshahi Reading Room 22/02/1964 Zeitlinger 4.00   270 CRC V-4 1960 15/04/2014 C-1 Books